[Event "1.a HSL 19"]
[Site "Mali Losinj"]
[Date "2019.09.28"]
[Round "1.54"]
[White "Plenca, Julijan"]
[Black "Kurajica, Bojan"]
[Result "0-1"]
[WhiteElo "2423"]
[BlackElo "2493"]
[PlyCount "116"]
[EventDate "2019.??.??"]
[WhiteTeam "Šk Mornar Split"]
[BlackTeam "Gšk Solin-Cemex Solin"]

1. e4 c5 2. Nf3 e6 3. d4 cxd4 4. Nxd4 Nc6 5. Nc3 a6 6. Be3 Nf6 7. Nb3 Bb4 8. a3
Bxc3+ 9. bxc3 d5 10. exd5 Nxd5 11. Bd2 e5 12. c4 Nde7 13. Bb4 Bf5 14. Bc5 Qxd1+
15. Kxd1 O-O-O+ 16. Kc1 Kc7 17. Be2 Nc8 18. Re1 f6 19. Be3 g5 20. g4 Bg6 21.
Nc5 Rhe8 22. Rb1 Nd6 23. Rd1 Rb8 24. Na4 Nd4 25. Bd3 Bxd3 26. cxd3 b5 27. Nc5
Rb6 28. cxb5 N6xb5 29. Kd2 Nf3+ 30. Kc1 Reb8 31. Rb3 Nfd4 32. Bxd4 Nxd4 33.
Rxb6 Rxb6 34. Ne4 Kd7 35. h4 Rc6+ 36. Kb1 gxh4 37. Rh1 Nf3 38. Rh3 Ne1 39. Rxh4
Nxd3 40. Rxh7+ Ke6 41. Rh3 Rc1+ 42. Ka2 Nxf2 43. Kb2 Rf1 44. Nxf2 Rxf2+ 45. Kc3
Rf4 46. Rg3 Kf7 47. g5 f5 48. g6+ Kg7 49. Rg5 Rf3+ 50. Kc4 e4 51. a4 e3 52. Kd3
f4 53. Rg2 Rf1 54. Ke2 Ra1 55. Kf3 Rxa4 56. Rg1 a5 57. Rg5 Ra1 58. Re5 a4 0-1

[Event "1.a HSL 19"]
[Site "Mali Losinj"]
[Date "2019.09.28"]
[Round "1.55"]
[White "Rogic, Davor"]
[Black "Bobanac, Miro"]
[Result "1-0"]
[WhiteElo "2492"]
[BlackElo "2257"]
[PlyCount "79"]
[EventDate "2019.??.??"]
[WhiteTeam "Gšk Solin-Cemex Solin"]
[BlackTeam "Šk Mornar Split"]

1. e4 Nf6 2. e5 Nd5 3. d4 c6 4. Nf3 d6 5. Be2 Bg4 6. O-O e6 7. c4 Nc7 8. Qb3 b6
9. Nc3 d5 10. cxd5 Nxd5 11. Bg5 Qd7 12. h3 Bh5 13. Rac1 h6 14. Bd2 Be7 15. Nxd5
Qxd5 16. Qxd5 exd5 17. g4 Bg6 18. e6 Bd6 19. exf7+ Kxf7 20. Ne5+ Bxe5 21. dxe5
Re8 22. f4 Be4 23. b4 a5 24. bxa5 bxa5 25. Rc5 a4 26. Bc3 a3 27. f5 Ra4 28. e6+
Kf8 29. Be5 d4 30. Rf4 Bd5 31. Rxd4 Ra7 32. Rc2 Kg8 33. Rb4 Na6 34. Ra4 Rea8
35. Bc4 Bxc4 36. Rcxc4 c5 37. Rxa3 Nb4 38. Rxa7 Rxa7 39. Rxc5 Ra8 40. Rc7 1-0

[Event "1.a HSL 19"]
[Site "Mali Losinj"]
[Date "2019.09.28"]
[Round "1.56"]
[White "Tomas, Ante"]
[Black "Muse, Mladen"]
[Result "1/2-1/2"]
[WhiteElo "2161"]
[BlackElo "2387"]
[PlyCount "37"]
[EventDate "2019.??.??"]
[WhiteTeam "Šk Mornar Split"]
[BlackTeam "Gšk Solin-Cemex Solin"]

1. e4 g6 2. d4 Bg7 3. Nc3 d6 4. f4 c6 5. Nf3 Bg4 6. Be3 Qb6 7. Qd2 Bxf3 8. gxf3
Qxb2 9. Rb1 Qa3 10. Rxb7 Nf6 11. e5 Nfd7 12. Rb3 Qa5 13. h4 h5 14. Rg1 dxe5 15.
fxe5 e6 16. Bd3 Bf8 17. Ne4 Qxd2+ 18. Kxd2 Be7 19. Bg5 1/2-1/2

[Event "1.a HSL 19"]
[Site "Mali Losinj"]
[Date "2019.09.29"]
[Round "2.11"]
[White "Inarkiev, Ernesto"]
[Black "Saric, Ibro"]
[Result "1/2-1/2"]
[WhiteElo "2693"]
[BlackElo "2564"]
[PlyCount "84"]
[EventDate "2019.??.??"]
[WhiteTeam "Šk Petar Sedlar Pepe Kaštel Novi"]
[BlackTeam "Šk Mornar Split"]

1. e4 c6 2. d4 d5 3. e5 Bf5 4. Nf3 e6 5. Be2 Nd7 6. O-O Ne7 7. Nbd2 Bg6 8. Nh4
c5 9. c3 Nc6 10. Nxg6 hxg6 11. Nf3 a6 12. Be3 Rc8 13. g3 cxd4 14. cxd4 Nb6 15.
a3 Be7 16. b3 Kd7 17. Qd2 Qf8 18. Qb2 f6 19. Ne1 g5 20. Nd3 fxe5 21. dxe5 Qf5
22. f3 Kc7 23. Rac1 Nd7 24. b4 Kd8 25. g4 Qh7 26. Rf2 Ke8 27. Qd2 Qh4 28. Bd1
Ra8 29. Ba4 Rc8 30. Qe2 b5 31. Bb3 Kd8 32. a4 Qh7 33. axb5 axb5 34. Qd2 Ncxe5
35. Nxe5 Rxc1+ 36. Qxc1 Nxe5 37. Bb6+ Ke8 38. Qe3 Qb1+ 39. Rf1 Qb2 40. Rf2 Qb1+
41. Rf1 Qb2 42. Rf2 Qb1+ 1/2-1/2

[Event "1.a HSL 19"]
[Site "Mali Losinj"]
[Date "2019.09.29"]
[Round "2.12"]
[White "Saric, Ante"]
[Black "Dreev, Aleksey"]
[Result "1/2-1/2"]
[WhiteElo "2559"]
[BlackElo "2661"]
[PlyCount "35"]
[EventDate "2019.??.??"]
[WhiteTeam "Šk Mornar Split"]
[BlackTeam "Šk Petar Sedlar Pepe Kaštel Novi"]

1. d4 d5 2. c4 c6 3. Nf3 Nf6 4. Qb3 dxc4 5. Qxc4 Bg4 6. Nbd2 Nbd7 7. g3 e6 8.
Bg2 Bd6 9. Qb3 Nb6 10. Ne5 Bh5 11. Ndc4 O-O 12. e3 c5 13. Nxb6 axb6 14. O-O Qc7
15. Nc4 cxd4 16. Nxd6 Qxd6 17. exd4 Nd5 18. Bd2 1/2-1/2

[Event "1.a HSL 19"]
[Site "Mali Losinj"]
[Date "2019.09.29"]
[Round "2.13"]
[White "Lalic, Bogdan"]
[Black "Galyas, Miklos"]
[Result "1/2-1/2"]
[WhiteElo "2418"]
[BlackElo "2474"]
[PlyCount "35"]
[EventDate "2019.??.??"]
[WhiteTeam "Šk Petar Sedlar Pepe Kaštel Novi"]
[BlackTeam "Šk Mornar Split"]

1. d4 d5 2. c4 c6 3. Nf3 Nf6 4. Nc3 a6 5. c5 g6 6. h3 Bg7 7. Bf4 O-O 8. e3 Bf5
9. Qb3 Qc8 10. Be2 Ne4 11. O-O Nd7 12. Rac1 Re8 13. Na4 f6 14. Bh2 e5 15. Rfd1
Rb8 16. Nc3 Be6 17. Qc2 Bf5 18. Qb3 1/2-1/2

[Event "1.a HSL 19"]
[Site "Mali Losinj"]
[Date "2019.09.29"]
[Round "2.14"]
[White "Plenca, Julijan"]
[Black "Loncar, Robert"]
[Result "0-1"]
[WhiteElo "2423"]
[BlackElo "2406"]
[PlyCount "118"]
[EventDate "2019.??.??"]
[WhiteTeam "Šk Mornar Split"]
[BlackTeam "Šk Petar Sedlar Pepe Kaštel Novi"]

1. e4 g6 2. d4 Bg7 3. Nc3 d6 4. f4 a6 5. Nf3 Nd7 6. Bd3 c5 7. d5 b5 8. O-O c4
9. Be2 Qb6+ 10. Kh1 Ngf6 11. e5 dxe5 12. Nxe5 O-O 13. Bf3 Bb7 14. Re1 Rad8 15.
Be3 Qc7 16. Nc6 Bxc6 17. dxc6 Nb8 18. Qe2 Nxc6 19. Qf2 Rb8 20. f5 b4 21. Ne2
Ne5 22. Bf4 Qa5 23. Nd4 Nxf3 24. Nc6 Qa4 25. Nxe7+ Kh8 26. Qxf3 Rbe8 27. b3 Qd7
28. Rad1 Rxe7 29. Rxe7 Qxe7 30. Bd6 Qe8 31. Bxf8 Qxf8 32. bxc4 h5 33. Qc6 Ng4
34. Re1 Ne5 35. Qd5 Qb8 36. fxg6 fxg6 37. h3 Qc7 38. c5 Kh7 39. Re3 a5 40. a3
bxa3 41. Rxa3 Qe7 42. Rb3 Qf6 43. Qe4 Qf2 44. Qe3 Qxc2 45. Rb7 Qd1+ 46. Qg1 Qd5
47. Ra7 Nc6 48. Rc7 Nd4 49. Qc1 Qe5 50. Rc8 Ne2 51. Qb1 Ng3+ 52. Kg1 Qe3+ 53.
Kh2 Be5 54. Re8 Qxc5 55. Re6 Nf5+ 56. Kh1 a4 57. Qe1 Ng3+ 58. Kh2 Ne4+ 59. Kh1
Nf2+ 0-1

[Event "1.a HSL 19"]
[Site "Mali Losinj"]
[Date "2019.09.29"]
[Round "2.15"]
[White "Sale, Srdjan"]
[Black "Bobanac, Miro"]
[Result "1/2-1/2"]
[WhiteElo "2428"]
[BlackElo "2257"]
[PlyCount "69"]
[EventDate "2019.??.??"]
[WhiteTeam "Šk Petar Sedlar Pepe Kaštel Novi"]
[BlackTeam "Šk Mornar Split"]

1. e4 Nf6 2. e5 Nd5 3. d4 c6 4. Nf3 Nc7 5. Bd3 d5 6. h3 g6 7. O-O Bg7 8. Re1
O-O 9. Nbd2 Nba6 10. c3 c5 11. Nf1 cxd4 12. Nxd4 Nc5 13. Bc2 N5e6 14. Nf3 b6
15. Be3 Bb7 16. Qd2 Qd7 17. Rad1 Rfd8 18. Bh6 Qb5 19. Bxg7 Kxg7 20. Bb1 d4 21.
Nxd4 Nxd4 22. cxd4 Ne6 23. Qc3 Rac8 24. Qa3 Rc7 25. Bd3 Qe8 26. Rc1 Rxc1 27.
Rxc1 Rxd4 28. Ne3 Qb8 29. Bc4 Nc5 30. b4 Ne4 31. Ng4 Qd8 32. Qxa7 Qc7 33. Ne3
Nd2 34. Rc2 Nxc4 35. Rxc4 1/2-1/2

[Event "1.a HSL 19"]
[Site "Mali Losinj"]
[Date "2019.09.29"]
[Round "2.16"]
[White "Brulic, Denis"]
[Black "Medak, Bojan"]
[Result "0-1"]
[WhiteElo "2230"]
[BlackElo "2351"]
[PlyCount "108"]
[EventDate "2019.??.??"]
[WhiteTeam "Šk Mornar Split"]
[BlackTeam "Šk Petar Sedlar Pepe Kaštel Novi"]

1. d4 d6 2. Nf3 g6 3. g3 Bg7 4. Bg2 c5 5. O-O cxd4 6. Nxd4 Qb6 7. Be3 Qxb2 8.
c3 Bxd4 9. Bxd4 Nf6 10. Bxf6 exf6 11. Qxd6 Qb6 12. Qa3 Nd7 13. Nd2 Qc5 14. Qc1
O-O 15. Ne4 Qe5 16. Rd1 Nb6 17. c4 Bf5 18. f4 Qe7 19. Nd6 Rad8 20. c5 Nc8 21.
Nxb7 Rxd1+ 22. Qxd1 Be4 23. Nd6 Bxg2 24. Kxg2 Rd8 25. Qc2 Nxd6 26. cxd6 Rxd6
27. Rd1 Qb7+ 28. Kf2 Qb6+ 29. Kg2 Re6 30. Rd2 Kg7 31. Qb3 Qc6+ 32. Qf3 Qc4 33.
Qd3 Qc5 34. Rc2 Qe7 35. Kf2 Qb7 36. Qf3 Qb1 37. Rd2 Qb6+ 38. Kg2 Qc5 39. Qd3
Re3 40. Rc2 Rxd3 41. Rxc5 Rd2 42. Ra5 Rxe2+ 43. Kg1 Re7 44. Kf2 f5 45. Ra6 Kf8
46. Ra5 Ke8 47. Rd5 Re6 48. Ra5 a6 49. Ra3 Kd7 50. h4 Kc7 51. Kf3 h5 52. Ra4
Kb6 53. Rb4+ Ka5 54. Rd4 Kb5 0-1

[Event "1.a HSL 19"]
[Site "Mali Losinj"]
[Date "2019.09.29"]
[Round "2.21"]
[White "Kryvoruchko, Yuriy"]
[Black "Ponkratov, Pavel"]
[Result "1/2-1/2"]
[WhiteElo "2669"]
[BlackElo "2644"]
[PlyCount "76"]
[EventDate "2019.??.??"]
[WhiteTeam "Šk Zagreb Zagreb"]
[BlackTeam "Gšk Solin-Cemex Solin"]

1. e4 e6 2. d4 d5 3. Nc3 Nf6 4. Bg5 dxe4 5. Nxe4 Be7 6. Bxf6 gxf6 7. Qd2 b6 8.
O-O-O Bb7 9. Nc3 c6 10. Be2 Nd7 11. f4 f5 12. Nf3 Qc7 13. Ne5 h5 14. Bf3 Nxe5
15. dxe5 Rd8 16. Qe2 h4 17. g4 hxg3 18. hxg3 Rxd1+ 19. Rxd1 a6 20. g4 fxg4 21.
Bxg4 c5 22. Bf3 f5 23. Qg2 Bxf3 24. Qxf3 Kf7 25. Rg1 Qd8 26. Qg3 Rg8 27. Qxg8+
Qxg8 28. Rxg8 Kxg8 29. Kd2 Kf7 30. Nd1 c4 31. Ne3 b5 32. Ke2 Ke8 33. c3 Kd7 34.
Nc2 Kc6 35. Nb4+ Kb6 36. Nc2 Bc5 37. Kf3 Kc6 38. Ke2 Kd5 1/2-1/2

[Event "1.a HSL 19"]
[Site "Mali Losinj"]
[Date "2019.09.29"]
[Round "2.22"]
[White "Martinovic, Sasa"]
[Black "Malakhov, Vladimir"]
[Result "1/2-1/2"]
[WhiteElo "2539"]
[BlackElo "2662"]
[PlyCount "92"]
[EventDate "2019.??.??"]
[WhiteTeam "Gšk Solin-Cemex Solin"]
[BlackTeam "Šk Zagreb Zagreb"]

1. d4 d5 2. c4 c6 3. Nc3 Nf6 4. e3 g6 5. Nf3 Bg7 6. Bd3 O-O 7. O-O Bg4 8. h3
Bxf3 9. Qxf3 e6 10. Rd1 Nbd7 11. b3 Re8 12. Bb2 a6 13. Rac1 Qe7 14. Bf1 Rac8
15. Qe2 Red8 16. Rc2 h5 17. Qd2 Nf8 18. Qc1 N8h7 19. a4 Bf8 20. Bd3 Qc7 21. Ba3
Bxa3 22. Qxa3 e5 23. Bf1 exd4 24. Rxd4 dxc4 25. Rxd8+ Rxd8 26. Bxc4 Ng5 27. Be2
Nge4 28. Nxe4 Nxe4 29. Qb4 Qe5 30. Qxb7 Nxf2 31. Qb6 Nxh3+ 32. gxh3 Qg3+ 33.
Kf1 Qxh3+ 34. Kg1 Qg3+ 35. Kh1 Qh3+ 36. Kg1 Qg3+ 37. Kh1 Rd5 38. Bf1 Rd1 39.
Qxa6 Qf3+ 40. Kg1 Qxe3+ 41. Kh2 Qf4+ 42. Kg1 Qg5+ 43. Rg2 Qe3+ 44. Kh2 Qf4+ 45.
Kg1 Qe3+ 46. Kh2 Qf4+ 1/2-1/2

[Event "1.a HSL 19"]
[Site "Mali Losinj"]
[Date "2019.09.29"]
[Round "2.23"]
[White "Stevic, Hrvoje"]
[Black "Cvitan, Ognjen"]
[Result "1/2-1/2"]
[WhiteElo "2570"]
[BlackElo "2489"]
[PlyCount "43"]
[EventDate "2019.??.??"]
[WhiteTeam "Šk Zagreb Zagreb"]
[BlackTeam "Gšk Solin-Cemex Solin"]

1. e4 c5 2. c3 Nf6 3. e5 Nd5 4. d4 cxd4 5. Nf3 e6 6. cxd4 b6 7. Nc3 Nxc3 8.
bxc3 Qc7 9. Bd2 Be7 10. Bd3 Ba6 11. Bxa6 Nxa6 12. Qe2 Nb8 13. O-O O-O 14. c4 d6
15. exd6 Bxd6 16. a4 Nd7 17. a5 e5 18. axb6 axb6 19. Rxa8 Rxa8 20. dxe5 Nxe5
21. Nxe5 Bxe5 22. g3 1/2-1/2

[Event "1.a HSL 19"]
[Site "Mali Losinj"]
[Date "2019.09.29"]
[Round "2.24"]
[White "Kurajica, Bojan"]
[Black "Kozul, Zdenko"]
[Result "1-0"]
[WhiteElo "2493"]
[BlackElo "2569"]
[PlyCount "85"]
[EventDate "2019.??.??"]
[WhiteTeam "Gšk Solin-Cemex Solin"]
[BlackTeam "Šk Zagreb Zagreb"]

1. Nf3 Nf6 2. d4 g6 3. g3 d5 4. Bg2 Bg7 5. O-O O-O 6. Ne5 Be6 7. c4 Qc8 8. cxd5
Bxd5 9. Bxd5 Nxd5 10. Qb3 e6 11. e4 Ne7 12. Be3 c5 13. Rc1 b6 14. Nd2 Qa6 15.
Ndf3 cxd4 16. Bxd4 Qb7 17. Ng5 Na6 18. Ngxf7 Rxf7 19. Qxe6 Raf8 20. Nxf7 Rxf7
21. Bxg7 Kxg7 22. Qe5+ Rf6 23. Rd1 Kf7 24. Rd8 Nc5 25. Rf8+ Kxf8 26. Qxf6+ Ke8
27. Qh8+ Kf7 28. Qxh7+ Ke6 29. Qh3+ Kf7 30. Qg4 a5 31. Re1 Qc6 32. Qf3+ Ke8 33.
h4 Qa4 34. a3 Qc2 35. Qe2 Qb3 36. h5 gxh5 37. Qxh5+ Kd7 38. Qd1+ Ke6 39. Qxb3+
Nxb3 40. f4 a4 41. Kf2 Nc6 42. Ke3 b5 43. g4 1-0

[Event "1.a HSL 19"]
[Site "Mali Losinj"]
[Date "2019.09.29"]
[Round "2.25"]
[White "Palac, Mladen"]
[Black "Rogic, Davor"]
[Result "1-0"]
[WhiteElo "2544"]
[BlackElo "2492"]
[PlyCount "139"]
[EventDate "2019.??.??"]
[WhiteTeam "Šk Zagreb Zagreb"]
[BlackTeam "Gšk Solin-Cemex Solin"]

1. e4 e5 2. Nf3 Nc6 3. Bb5 a6 4. Ba4 Nf6 5. O-O Be7 6. Re1 b5 7. Bb3 d6 8. c3
Na5 9. Bc2 c5 10. d3 O-O 11. Nbd2 Re8 12. Nf1 h6 13. h3 Bf8 14. d4 Bd7 15. Ng3
cxd4 16. cxd4 Rc8 17. b3 Qc7 18. Re2 Nc6 19. Bb2 g6 20. Qd2 exd4 21. Nxd4 Bg7
22. Rd1 h5 23. Nf3 d5 24. e5 Nh7 25. Qxd5 Be6 26. Qe4 Nf8 27. Ng5 Nxe5 28. Qf4
Nc6 29. Qxc7 Rxc7 30. Be4 Bxb2 31. Rxb2 Nb8 32. f4 Bc8 33. Bd5 Ne6 34. Bxe6
Bxe6 35. Nxe6 fxe6 36. Ne4 Kg7 37. Ng5 e5 38. Re2 Rce7 39. fxe5 Rxe5 40. Rxe5
Rxe5 41. h4 Nc6 42. Rd6 Re1+ 43. Kf2 Rc1 44. Ne6+ Kg8 45. Nf4 Rc2+ 46. Kf3 Kf7
47. Nxg6 Nb4 48. a3 Rc3+ 49. Ke2 Na2 50. Rxa6 Rxb3 51. Nf4 Nc3+ 52. Kd3 Na4+
53. Kd4 Rxa3 54. Ra7+ Kf8 55. Ne6+ Kg8 56. Rg7+ Kh8 57. Rg5 b4 58. Rxh5+ Kg8
59. Rb5 b3 60. Ke5 Nc3 61. Rb8+ Kf7 62. Rb7+ Kg6 63. Nf4+ Kh6 64. g4 Ra5+ 65.
Kd4 Ne2+ 66. Nxe2 Ra4+ 67. Ke5 Rxg4 68. Nd4 Kg6 69. Nf5 b2 70. Rb6+ 1-0

[Event "1.a HSL 19"]
[Site "Mali Losinj"]
[Date "2019.09.29"]
[Round "2.26"]
[White "Muse, Mladen"]
[Black "Zelcic, Robert"]
[Result "1/2-1/2"]
[WhiteElo "2387"]
[BlackElo "2503"]
[PlyCount "129"]
[EventDate "2019.??.??"]
[WhiteTeam "Gšk Solin-Cemex Solin"]
[BlackTeam "Šk Zagreb Zagreb"]

1. d4 d5 2. Nf3 Nf6 3. Bf4 c5 4. e3 Nc6 5. c3 Qb6 6. Qb3 c4 7. Qc2 Bf5 8. Qc1
e6 9. Nbd2 h6 10. Be2 Qd8 11. b3 Qa5 12. b4 Nxb4 13. cxb4 Bxb4 14. a3 Bc3 15.
Ra2 Ne4 16. Kf1 Bxd2 17. Nxd2 Nc3 18. Ra1 Nxe2 19. Kxe2 Bd3+ 20. Kf3 g5 21. Bd6
c3 22. Nb3 Be4+ 23. Kg3 Qd8 24. Be5 f6 25. f3 Bg6 26. Bxf6 Qxf6 27. Qxc3 O-O
28. Rac1 b6 29. Qc7 Rf7 30. Qe5 Qe7 31. Rc6 Re8 32. Rhc1 Rf5 33. Qd6 Qxd6+ 34.
Rxd6 Rf7 35. Rc3 Rb7 36. a4 Ree7 37. a5 Bf7 38. axb6 Rxb6 39. Rd8+ Kg7 40. Nc5
Rc6 41. Ra3 e5 42. Ra8 exd4 43. exd4 Rcc7 44. Ra6 h5 45. h4 gxh4+ 46. Kxh4 Re2
47. Kg3 Rd2 48. R8xa7 Rxa7 49. Rxa7 Kg8 50. Ra4 Kg7 51. Rb4 Kf6 52. Nd7+ Kf5
53. Rb6 Be6 54. Nf8 Bf7 55. Rb7 Kf6 56. Nd7+ Kg5 57. Ne5 h4+ 58. Kh2 Be6 59.
Rg7+ Kf6 60. Rg6+ Kf5 61. Rh6 Rxd4 62. Ng4 Bc8 63. Rh8 Bd7 64. Rh7 Bc8 65. Rh8
1/2-1/2

[Event "1.a HSL 19"]
[Site "Mali Losinj"]
[Date "2019.09.29"]
[Round "2.31"]
[White "Tomashevsky, Evgeny"]
[Black "Grachev, Boris"]
[Result "1-0"]
[WhiteElo "2718"]
[BlackElo "2621"]
[PlyCount "89"]
[EventDate "2019.??.??"]
[WhiteTeam "Šk Liburnija Rijeka"]
[BlackTeam "Šk Rijeka Rijeka"]

1. d4 d5 2. c4 c6 3. Nf3 Nf6 4. Nc3 e6 5. Bg5 Nbd7 6. e3 Be7 7. Qc2 O-O 8. Bd3
dxc4 9. Bxc4 Nd5 10. Bxe7 Qxe7 11. Ne4 h6 12. O-O b6 13. Ne5 Bb7 14. Rac1 Rac8
15. Qe2 N7f6 16. Nxf6+ Nxf6 17. Ba6 c5 18. Bxb7 Qxb7 19. dxc5 Qd5 20. Nd3 Qxa2
21. c6 Qa6 22. Rfd1 Rc7 23. Kf1 Qb5 24. Nf4 Qe5 25. b4 Rfc8 26. b5 g5 27. Nh3
Qxh2 28. Qb2 Ng4 29. Rd7 Qh1+ 30. Ng1 Nh2+ 31. Ke2 Qxg2 32. Qf6 Qg4+ 33. f3 Qf5
34. Rd8+ Kh7 35. Qh8+ Kg6 36. Rxc8 Rxc8 37. Qxc8 g4 38. Qg8+ Kh5 39. fxg4+ Nxg4
40. Nf3 Qxb5+ 41. Ke1 Qa5+ 42. Kf1 Nxe3+ 43. Ke2 Qa2+ 44. Kxe3 Qa3+ 45. Kf2 1-0

[Event "1.a HSL 19"]
[Site "Mali Losinj"]
[Date "2019.09.29"]
[Round "2.32"]
[White "Bosiocic, Marin"]
[Black "Saric, Ivan"]
[Result "0-1"]
[WhiteElo "2619"]
[BlackElo "2667"]
[PlyCount "66"]
[EventDate "2019.??.??"]
[WhiteTeam "Šk Rijeka Rijeka"]
[BlackTeam "Šk Liburnija Rijeka"]

1. d4 Nf6 2. c4 g6 3. Nc3 Bg7 4. e4 d6 5. h3 Nbd7 6. Be3 e5 7. d5 Nc5 8. Qc2
O-O 9. O-O-O c6 10. dxc6 Qa5 11. g4 bxc6 12. Rxd6 Rb8 13. f3 Ne6 14. Qa4 Qc7
15. Qxc6 Qa5 16. Qa4 Qc7 17. Qc6 Qa5 18. g5 Nh5 19. Rh2 Rxb2 20. Kxb2 Qb4+ 21.
Kc2 Nd4+ 22. Bxd4 exd4 23. Nd1 Be5 24. Rd2 Bxd6 25. Qb5 Bd7 26. Qxb4 Bxb4 27.
Ne2 Ba4+ 28. Kd3 Bxd2 29. Kxd2 Rb8 30. Nf2 Rb1 31. Bg2 Rb2+ 32. Kd3 Rxa2 33.
Bf1 Ra3+ 0-1

[Event "1.a HSL 19"]
[Site "Mali Losinj"]
[Date "2019.09.29"]
[Round "2.33"]
[White "Markus, Robert"]
[Black "Popov, Ivan"]
[Result "1/2-1/2"]
[WhiteElo "2599"]
[BlackElo "2604"]
[PlyCount "67"]
[EventDate "2019.??.??"]
[WhiteTeam "Šk Liburnija Rijeka"]
[BlackTeam "Šk Rijeka Rijeka"]

1. d4 d5 2. c4 dxc4 3. Nf3 Nf6 4. e3 e6 5. Bxc4 c5 6. O-O cxd4 7. Nxd4 Bc5 8.
Nb3 Bd6 9. Bb5+ Nc6 10. Bxc6+ bxc6 11. Qc2 Qc7 12. h3 O-O 13. Bd2 c5 14. Rc1
Bb7 15. f3 Rfc8 16. Na3 Be7 17. e4 Ba6 18. Nc4 Nd7 19. Be3 Nb6 20. Nba5 Bf6 21.
Qf2 Rab8 22. Rab1 Bd4 23. Bxd4 cxd4 24. Qxd4 Nxc4 25. Nxc4 Bxc4 26. b3 e5 27.
Qf2 Qb7 28. bxc4 Qxb1 29. Rxb1 Rxb1+ 30. Kh2 Rb7 31. Qd2 Rbc7 32. Qa5 f6 33.
Kg3 g6 34. h4 1/2-1/2

[Event "1.a HSL 19"]
[Site "Mali Losinj"]
[Date "2019.09.29"]
[Round "2.34"]
[White "Tica, Sven"]
[Black "Kuljasevic, Davorin"]
[Result "0-1"]
[WhiteElo "2419"]
[BlackElo "2550"]
[PlyCount "64"]
[EventDate "2019.??.??"]
[WhiteTeam "Šk Rijeka Rijeka"]
[BlackTeam "Šk Liburnija Rijeka"]

1. d4 Nf6 2. c4 e6 3. g3 d5 4. Bg2 dxc4 5. Qa4+ Nbd7 6. Qxc4 c5 7. Nf3 a6 8.
Qc2 b5 9. Ne5 Nd5 10. Nc3 Nxe5 11. Nxd5 exd5 12. dxe5 Bb7 13. O-O Be7 14. Rd1
Qd7 15. f4 d4 16. e3 O-O 17. exd4 cxd4 18. Be3 Rac8 19. Qe2 Bxg2 20. Qxg2 d3
21. Qe4 Rfd8 22. Rac1 Rxc1 23. Bxc1 f5 24. Qf3 Qd4+ 25. Qf2 Qe4 26. Bd2 Rc8 27.
b4 Rc2 28. Re1 Qd5 29. e6 h6 30. a3 Qa2 31. Rd1 Qxe6 32. Qd4 Rxd2 0-1

[Event "1.a HSL 19"]
[Site "Mali Losinj"]
[Date "2019.09.29"]
[Round "2.35"]
[White "Jovanic, Ognjen"]
[Black "Golubovic, Boris"]
[Result "1/2-1/2"]
[WhiteElo "2532"]
[BlackElo "2401"]
[PlyCount "61"]
[EventDate "2019.??.??"]
[WhiteTeam "Šk Liburnija Rijeka"]
[BlackTeam "Šk Rijeka Rijeka"]

1. d4 d6 2. Nf3 Bg4 3. e3 Nd7 4. c4 e5 5. Nc3 c6 6. Be2 Be7 7. O-O Ngf6 8. e4
O-O 9. Be3 exd4 10. Nxd4 Bxe2 11. Qxe2 Re8 12. Rad1 Bf8 13. f3 d5 14. cxd5 cxd5
15. exd5 Nb6 16. Qd3 Nbxd5 17. Bf2 a6 18. Nb3 Nxc3 19. Qxc3 Qc8 20. Qd3 Rd8 21.
Qxd8 Qxd8 22. Rxd8 Rxd8 23. Rc1 h5 24. Kf1 Bd6 25. Rd1 Rd7 26. Na5 b5 27. h3
Be5 28. Rxd7 Nxd7 29. b3 f5 30. Nc6 Bd6 31. Ke2 1/2-1/2

[Event "1.a HSL 19"]
[Site "Mali Losinj"]
[Date "2019.09.29"]
[Round "2.36"]
[White "Petrov, Jole"]
[Black "Plenca, Jadranko"]
[Result "1/2-1/2"]
[WhiteElo "2418"]
[BlackElo "2469"]
[PlyCount "29"]
[EventDate "2019.??.??"]
[WhiteTeam "Šk Rijeka Rijeka"]
[BlackTeam "Šk Liburnija Rijeka"]

1. c4 e6 2. e4 d5 3. exd5 exd5 4. d4 Nf6 5. Nc3 Be7 6. Bd3 dxc4 7. Bxc4 O-O 8.
Nge2 Nbd7 9. O-O Nb6 10. Bb3 c6 11. Re1 Nbd5 12. Nxd5 Nxd5 13. Nc3 Be6 14. Nxd5
Bxd5 15. Bxd5 1/2-1/2

[Event "1.a HSL 19"]
[Site "Mali Losinj"]
[Date "2019.09.29"]
[Round "2.41"]
[White "Lysyj, Igor"]
[Black "Indjic, Aleksandar"]
[Result "1/2-1/2"]
[WhiteElo "2596"]
[BlackElo "2628"]
[PlyCount "69"]
[EventDate "2019.??.??"]
[WhiteTeam "Šk Ferit-Osijek Osijek"]
[BlackTeam "Šk Đakovo Lim-Mont Đakovo"]

1. d4 Nf6 2. c4 c5 3. d5 e6 4. Nc3 exd5 5. cxd5 d6 6. Nf3 a6 7. a4 g6 8. Bf4
Bg7 9. h3 O-O 10. e3 Ne8 11. Be2 Nd7 12. a5 Qe7 13. O-O Ne5 14. Bxe5 Bxe5 15.
Nxe5 Qxe5 16. Qd2 Bd7 17. f4 Qg7 18. Bc4 g5 19. fxg5 Qxg5 20. Rf3 f5 21. Qf2
Ng7 22. e4 Qe7 23. Re1 fxe4 24. Rxe4 Qg5 25. Ref4 Rxf4 26. Rxf4 Bxh3 27. Ne4
Qg6 28. Nf6+ Kh8 29. Ng4 h5 30. Rf8+ Rxf8 31. Qxf8+ Kh7 32. Nf6+ Kh6 33. Ng8+
Kh7 34. Nf6+ Kh6 35. Ng8+ 1/2-1/2

[Event "1.a HSL 19"]
[Site "Mali Losinj"]
[Date "2019.09.29"]
[Round "2.42"]
[White "Sertic, Rudolf"]
[Black "Hracek, Zbynek"]
[Result "0-1"]
[WhiteElo "2371"]
[BlackElo "2572"]
[PlyCount "130"]
[EventDate "2019.??.??"]
[WhiteTeam "Šk Đakovo Lim-Mont Đakovo"]
[BlackTeam "Šk Ferit-Osijek Osijek"]

1. d4 Nf6 2. c4 e6 3. Nc3 Bb4 4. e3 c5 5. Nf3 Nc6 6. Bd3 Bxc3+ 7. bxc3 d6 8.
Nd2 e5 9. d5 Ne7 10. Qc2 O-O 11. O-O Ng6 12. a4 Ng4 13. h3 Nh6 14. f4 f5 15. g3
Nh8 16. Rf2 g5 17. Nf1 Ng6 18. Nh2 Bd7 19. Bd2 Qf6 20. Raf1 Rae8 21. Bc1 Re7
22. Kh1 Rg7 23. fxe5 Nxe5 24. Be2 Qg6 25. Rg1 Qe8 26. a5 Nhf7 27. Rgf1 Nh6 28.
Rg1 Qg6 29. Rgf1 Rgf7 30. Kg1 Kg7 31. Qd1 g4 32. h4 Ng8 33. e4 fxe4 34. Rxf7+
Rxf7 35. Rxf7+ Kxf7 36. Bf4 Nf3+ 37. Kg2 Qf6 38. Qc1 Ne7 39. Nf1 Ng6 40. Be3
Qe5 41. Bf2 Nfxh4+ 42. gxh4 Nf4+ 43. Kh1 e3 44. Nxe3 Qe4+ 45. Kh2 Nxe2 46. Qf1
Qf3 47. Bg3 Ke7 48. Qxf3 gxf3 49. Nf1 Nxc3 50. Nd2 Bg4 51. Kg1 b6 52. axb6 axb6
53. Kf2 Nd1+ 54. Ke1 f2+ 55. Bxf2 Nxf2 56. Kxf2 Kf6 57. Kg3 Kf5 58. Nf1 Be2 59.
Nd2 Bd1 60. Kf2 Kf4 61. Ke1 Bc2 62. Ke2 Kg4 63. Nf1 Kxh4 64. Ne3 Bg6 65. Kd2
Kg3 0-1

[Event "1.a HSL 19"]
[Site "Mali Losinj"]
[Date "2019.09.29"]
[Round "2.43"]
[White "Leventic, Ivan"]
[Black "Biti, Ozren"]
[Result "1/2-1/2"]
[WhiteElo "2389"]
[BlackElo "2366"]
[PlyCount "31"]
[EventDate "2019.??.??"]
[WhiteTeam "Šk Ferit-Osijek Osijek"]
[BlackTeam "Šk Đakovo Lim-Mont Đakovo"]

1. e4 d6 2. d4 Nf6 3. Nc3 g6 4. Nf3 Bg7 5. h3 O-O 6. Be3 Nc6 7. Qd2 e5 8. dxe5
Nxe5 9. Nxe5 dxe5 10. Qxd8 Rxd8 11. Bc4 c6 12. a4 Nh5 13. O-O Nf4 14. Rfd1
Rxd1+ 15. Rxd1 Ne6 16. Ne2 1/2-1/2

[Event "1.a HSL 19"]
[Site "Mali Losinj"]
[Date "2019.09.29"]
[Round "2.44"]
[White "Ascic, Pero"]
[Black "Zivkovic, Vjekoslav"]
[Result "1/2-1/2"]
[WhiteElo "2318"]
[BlackElo "2362"]
[PlyCount "34"]
[EventDate "2019.??.??"]
[WhiteTeam "Šk Đakovo Lim-Mont Đakovo"]
[BlackTeam "Šk Ferit-Osijek Osijek"]

1. e4 e5 2. Nf3 Nc6 3. Bb5 Nf6 4. O-O Nxe4 5. Re1 Nd6 6. Nxe5 Be7 7. Bf1 Nxe5
8. Rxe5 O-O 9. d4 Bf6 10. Re1 Re8 11. c3 Rxe1 12. Qxe1 Ne8 13. Bf4 d5 14. Bd3
g6 15. Nd2 Ng7 16. Qe2 c6 17. Re1 Bf5 1/2-1/2